000 00265nmm a2200097Ia 4500
008 220120s9999||||xx |||||||||||||||||und||
020 _a0-07-044580-X
100 _aDigit
245 0 _aEssential software and drivers, benchmarking utilities, secu
260 _bNew Delhi
999 _c139755
_d139755